000 01642cam a22003853a 4500
001 14744
003 PGUSA
005 20140828083321.0
008 050120s2005||||xxu|||||s|||||000 1 eng d
040 _aPGUSA
_beng
042 _adc
050 4 _aPS
245 1 0 _aDifferent Girls
_h[electronic resource]
260 _bProject Gutenberg,
_c2005
505 0 _aThe Little Joys of Margaret, by Richard le Gallienne -- Kittie's Sister Josephine, by Elizabeth Jordan -- The Wizard's Touch, by Alice Brown -- The Bitter Cup, by Charles B. De Camp -- His Sister, by Mary Applewhite Bacon -- The Perfect Year, by Eleanor A. Hallowell -- Editha, by William Dean Howells -- The Stout Miss Hopkins's Bicycle, by Octave Thanet -- The Marrying of Esther, by Mary M. Mears -- Cordelia's Night of Romance, by Julian Ralph -- The Prize-Fund Beneficiary, by E. A. Alexander.
506 _aPublic domain in the USA.
516 _aElectronic text
653 _aShort stories, American
653 _aGirls -- Fiction
700 1 _aThanet, Octave,
_d1850-1934
700 1 _aRalph, Julian,
_d1853-1903
700 1 _aBacon, Mary Applewhite
700 1 _aMears, Mary M.
_q(Mary Martha),
_d1876-1943
700 1 _aJordan, Elizabeth Garver,
_d1867-1947
700 1 _aLe Gallienne, Richard,
_d1866-1947
700 1 _aAlexander, E. A.
700 1 _aHowells, William Dean,
_d1837-1920
700 1 _aDe Camp, Charles B.
700 1 _aAlden, Henry Mills,
_d1836-1919
700 1 _aBrown, Alice,
_d1857-1948
700 1 _aHallowell, Eleanor A.
830 0 _aProject Gutenberg
_v14744
856 4 0 _uhttp://www.gutenberg.org/ebooks/14744
942 _cEB
999 _c243999
_d243999